Comparative evaluation of drought indexes : Case study on the yarra river catchment in Australia /
Đã lưu trong:
| Tác giả chính: | |
|---|---|
| Tác giả khác: | , |
| Định dạng: | Bài viết |
| Ngôn ngữ: | English |
| Những chủ đề: | |
| Các nhãn: |
Thêm thẻ
Không có thẻ, Là người đầu tiên thẻ bản ghi này!
|
| Thư viện lưu trữ: | Thư viện Trường Đại học Đà Lạt |
|---|
| LEADER | 00949nam a2200301 4500 | ||
|---|---|---|---|
| 001 | DLU110129689 | ||
| 005 | ##20111223 | ||
| 040 | # | # | |a DLU |b eng |
| 041 | # | # | |a eng |
| 044 | # | # | |a us |
| 100 | # | # | |a Barua, Shishutosh. |
| 245 | # | # | |a Comparative evaluation of drought indexes : Case study on the yarra river catchment in Australia / |c Shishutosh Barua, A. W. M. Ng, B. J. C. Perera. |
| 653 | # | # | |a Australia |
| 653 | # | # | |a Catchments |
| 653 | # | # | |a Droughts |
| 653 | # | # | |a Rivers and streams |
| 700 | # | # | |a Ng, A. W. M. |
| 700 | # | # | |a Perera, B. J. C. |
| 773 | # | # | |t Journal of Water Resources Planning and Management |g Vol. 137, no. 2 (March/April 2011), p. 215-226 |
| 920 | # | # | |a Phòng Tạp chí -- Trung tâm Thông tin - Thư viện Trường Đại học Đà Lạt |
| 994 | # | # | |a DLU |
| 900 | # | # | |a True |
| 911 | # | # | |a Trương Bảo Trâm Anh |
| 925 | # | # | |a G |
| 926 | # | # | |a A |
| 927 | # | # | |a BB |
| 980 | # | # | |a Thư viện Trường Đại học Đà Lạt |